| 000 | 02271 a2200253 4500 | ||
|---|---|---|---|
| 001 | 52902 | ||
| 005 | 20260407155803.0 | ||
| 008 | 260407a1998 arg spa d | ||
| 003 | AR-UNSa-BCEJYS | ||
| 040 |
_aAR-UNSa-BCEJYS _bspa _cAR-UNSa-BCEJYS |
||
| 080 |
_a330 _xEconomía en general |
||
| 245 | 1 | 0 | _aPrincipios de economía |
| 020 | _a84-481-1422-1 | ||
| 264 | 1 |
_aMadrid : _bMcGraw-Hill _c1998 |
|
| 300 |
_axxxvii, 726 p. _c25 cm. |
||
| 505 | _a1. Los diez principios de la economía - 2. Pensar como un economista - 3. Interdependencia y ganancias derivadas del comercio - 4. Las fuerzas de mercado de la oferta y la demanda - 5. La elasticidad y su aplicación - 6. La oferta,la demanda y la política económica - 7. Los consumidores,los productores y la eficiencia de los mercados - 8. Aplicación:Los costes de la tributación - 9. Aplicación:El comercio internacional - 10. Las externalidades - 11. Los bienes públicos y los recursos comunes - 12. La elaboración del sistema tributario - 13. Los costes de producción - 14. Las empresas de los mercados competitivos - 15. El monopolio - 16. El oligopolio 17. La competencia monopolística - 18. Los meracdos de factores de producción - 19. Los ingresos y la discriminación - 20. La distribución de la renta - 21. La teoría de la elección del consumidor - 22. La medición de la renta de un país - 23. La medición del coste de la vida - 24. La producción y el crecimiento - 25. El ahorro,la inversión y el sistema financiero - 26. La tasa natural de desempleo - 27. El sistema monetario - 28. La inflación:sus causas y sus costes - 29. Macroeconomía de la economía abierta:conceptos básicos - 30. Una teoría macroeconómica de la economía abierta - 31. La demanda y la oferta agregadas - 32. La influencia de la política monetaria y fiscal en la demanda agregada - 33. La disyuntiva a corto plazo entre la inflación y el desempleo - 34. Cinco debates sobre la politíca macroeconómica | ||
| 041 | _aspa | ||
| 942 | _cBK | ||
| 590 | _aniveau_biblio:m niveau_hierar:0 | ||
| 100 | 1 | _aMankiw, N. Gregory | |
| 700 | 1 | _aRabasco Espáriz, Esther | |
| 700 | 1 | _aToharia Cortés, Luis | |
| 856 | 4 | 1 |
_uhttps://www.biblioeco.unsa.edu.ar/pmb/images/libros/L128335.jpg _yImagen de portada _qimage/jpeg |
| 999 |
_c5022 _d5022 |
||